| 000 | 00966cad a22001935a 4500 | ||
|---|---|---|---|
| 001 | L157665 | ||
| 008 | 130225s2013 xxk f 000 0 eng d | ||
| 035 | _a(Sirsi) u157665 | ||
| 041 | 0 | _aeng | |
| 110 | 2 |
_aHome Builders Federation _94896 |
|
| 245 | 0 | 0 |
_aBroken ladder 3 _bthe locked out generation _h[electronic resource] |
| 260 |
_aLondon _bHBF _c2013 |
||
| 520 | _aDiscusses the affordability gap faced by first time buyers. Highlights the proportion of salary and length of time first buyers have to save for a deposit in order to be able to get onto the property ladder which has increased due to the shortage of available mortgage finance. Average house price to earnings ratio remains high. | ||
| 590 | _aKA | ||
| 651 | 4 |
_aEngland and Wales _y1543- |
|
| 690 |
_aResidential property _96266 |
||
| 856 | 4 | 0 |
_uhttps://www.hbf.co.uk/uploads/media/broken_ladder_3_-_the_locked_out_generation_11.pdf _zView this item free of charge at www.hbf.co.uk |
| 942 | _n0 | ||
| 999 |
_c114909 _d114909 |
||